000 00552nam a2200169Ia 4500
008 210719s2001 xx 000 0 und d
041 _aeng
082 _a891.468 KARK
100 _aKARNATAKA KONKANI sahitya academy
245 _aKarnatak jesuit swami Supriya (C.C.A. Pai Bap) (1927-2001), konkni samskrathik raibari. Ed 1.
250 _a1
260 _aMangalore
_bRegistrar, Karnataka Konkani Sahitya Academy
_c2001
300 _avi,38
_bPB
365 _b20
_cRs
650 _aKonkani Miscellaneous
906 _aSwami Supriya Pai C C A Biography
999 _c213509
_d213509